MARC

LEADER 00000nam0a2200000 4500
001 87859
005 20231031102424.0
035 |a (RuTPU)RU\TPU\book\94319 
090 |a 87859 
100 |a 20051216d1966 m y0rusy50 ca 
101 0 |a rus 
102 |a RU 
105 |a a j 001zy 
200 1 |a Биохимия  |e учебник для вузов  |f Д. Л. Фердман 
205 |a 3-е изд., перераб. и доп. 
210 |a Москва  |c Высшая школа  |d 1966 
215 |a 643 с.  |c ил. 
320 |a Библиография в конце глав. 
320 |a Предметный указатель: с. 600-631 
610 1 |a биохимия 
610 1 |a организмы 
610 1 |a химический состав 
610 1 |a белки 
610 1 |a протеины 
610 1 |a нуклеиновые кислоты 
610 1 |a углеводы 
610 1 |a липиды 
610 1 |a витамины 
610 1 |a ферменты 
610 1 |a гормоны 
610 1 |a минеральные вещества 
610 1 |a обмен веществ 
610 1 |a биосинтез 
610 1 |a окислительные превращения 
610 1 |a питание 
610 1 |a печень 
610 1 |a почки 
610 1 |a кровь 
610 1 |a лимфа 
610 1 |a мышцы 
610 1 |a учебники 
675 |a 577.1(075.8)  |v 3 
700 1 |a Фердман  |b Д. Л.  |g Давид Лазаревич 
801 1 |a RU  |b 63413507  |c 20051216  |g PSBO 
801 2 |a RU  |b 63413507  |c 20070618  |g PSBO 
900 |a Биохимия 
942 |c BK